00480nam a2200157Ia 4500003000400000008004100004040001600045082001600061100001800077245009400095260006100189300001000250650002200260650001300282650002700295GCL140319s9999 xx 000 0 eng d aGCL / cGCL04a004.67bR S1 aRANDALL, NEIL10aTHE SOUL OF THE INTERNET NETGOODS, NETIZENS AND THE WIRING OF THE WORLD / cRANDALL, NEIL a[S.N] : bINTERNATIONAL THOMSON BUSINESS PRESS ، c1997 a369 P04aشعر الحرب04aINTERNET04aINFORMATION - NETWORKS